Derecho e Iglesia en los tiempos del Covid Respuestas jurd̕icas de la Iglesia catl̤ica y el Estado /

Detalles Bibliográficos
Autor principal: Campo Ibę̀z, Miguel
Otros Autores: Rodrg̕uez Moya, Almudena
Formato: eBook
Lenguaje:español
Publicado: Madrid: Dykinson, 2021
Materias:
Acceso en línea:Acceso restringido

MARC

LEADER 00000nam a22000007a 4500
005 20220421004019.0
007 cr|||| ||||
008 220421s2021 es |||||s|||| 00||0 spa d
020 |a 978-84-1377-603-3 
035 |a 35128 
040 |a vLex 
090 |c 13219  |d 13219 
100 1 |a Campo Ibę̀z, Miguel 
245 1 0 |a Derecho e Iglesia en los tiempos del Covid  |h [Recurso electrn̤ico] :  |b Respuestas jurd̕icas de la Iglesia catl̤ica y el Estado /  |c Miguel Campo Ibę̀z, Almudena Rodrg̕uez Moya 
256 |a Servicio en ln̕ea 
260 |a Madrid:  |b Dykinson,  |c 2021 
300 |a 1 recurso electrn̤ico 
506 1 |a Disponible solo en los productos indicados  |d vLex Global  |d vLex Global (Academic Edition, excluding Law Schools)  |d vLex Global (U.S. Academic Edition, Law Schools)  |d vLex Global (U.S. Academic Edition, excluding Law Schools)  |d vLex Global (Academic Edition, Law Schools) 
650 0 4 |a Derecho Civil  |z Espaą 
700 1 |a Rodrg̕uez Moya, Almudena 
740 0 |a vLex Libros (Servicio en ln̕ea) 
856 4 0 |u https://app.vlex.com/#/sources/35128  |z Acceso restringido 
942 |c BOOK 
999 0 |a Civil Law